Normal view MARC view
  • RAJORIA, DR. KRATI

Entry Personal Name

Number of records used in: 1

001 - CONTROL NUMBER

  • control field: 8891

003 - CONTROL NUMBER IDENTIFIER

  • control field: JRU

005 - DATE AND TIME OF LATEST TRANSACTION

  • control field: 20260310124749.0

008 - FIXED-LENGTH DATA ELEMENTS

  • fixed length control field: 260310|| aca||aabn | a|a d

040 ## - CATALOGING SOURCE

  • Original cataloging agency: JRU
  • Transcribing agency: JRU

100 ## - HEADING--PERSONAL NAME

  • Personal name: RAJORIA, DR. KRATI

670 ## - SOURCE DATA FOUND

  • Source citation: Work cat.: (JRU)9071: RAJORIA, DR. KRATI, COMPANY LAW